00717nam a2200241 a 4500001001300000003000900013005001700022008004100039020000900080082001600089100001800105245003400123260002800157300000900185500003500194505006500229650001600294700001800310902000800328942000700336952011500343999001700458nice12345678IN_TiNIC20260116013356.0050524s1992 dela grp 000 0 eng  ac2000a297.93bFAI aFaizi, Gloria aBahai Faithb an Introduction aDelhibBahri Pub.c1992 a129p aincludes index and biblioraphy2 aEnglish Rendering Muhammad Akbnar Muradpuri, Abul Aziz Kamal aBahai Faith1 aFaizi, Gloria bSRS cBK 001040708StackRoom-aHMIbHMId2007-07-02g20.00l0o297.93 FAIp018529r2007-07-02v20.00w2005-05-24yBK c10752d10752